| 000 | 00879nam a2200229 a 4500 | ||
|---|---|---|---|
| 001 | 39126 | ||
| 003 | BD-RjUL | ||
| 005 | 20211209052925.0 | ||
| 008 | 160405s2008 bg ||||e |||| 000 0 ben d | ||
| 020 |
_a984050293X _cTk.160.00 |
||
| 035 | _a(BD-RjUL) 39238 | ||
| 040 |
_aBD-RjUL _bben _cBD-RjUL |
||
| 041 | _aben | ||
| 082 |
_223 _a891.443 _bSHT 2008 |
||
| 100 |
_aশামীম, ইমতিয়ার _9120732 |
||
| 245 | 1 | 0 |
_aতা হলে বৃষ্টিদিন তা হলে ১৪ জুলাই / _cইমতিয়ার শামীম |
| 260 |
_aঢাকা : _bদি ইউনিভার্সিটি প্রেস লিমিটেড, _c২০০৮ |
||
| 300 |
_a[৮], ১১১ পৃ.; _c২২ সেমি. |
||
| 650 |
_aবাংলা উপন্যাস _9120733 |
||
| 650 |
_aBengali Fiction _9120734 |
||
| 942 |
_2ddc _cBK |
||
| 999 |
_c39126 _d39126 |
||